000 01026nam a2200277Ia 4500
003 OSt
005 20221005104810.0
006 a|||||r|||| 00| 0
007 ta
008 221004b |||||||| |||| 00| 0 hin d
020 _a9788190576765 (hbk)
_cIndian Rupees 300
024 _a38988
037 _bGift, 31/08/2018,
_cTextual
040 _aCRL
_cCRL
_bhin
041 _2hin
_ahin
082 _aO152,1I00:g, Q8
100 _aअमित धर्मसिंह, संपा.
245 0 _aविरले दोस्त कबीर के
_b एक मूल्यांकन
246 _aVirale dosta kabīr ke: ek mūlyāankana
260 _aदिल्ली
_bशिल्पायन बुक्स भारत
_c2018
300 _a128पृ0
_ccm.
650 _a हिन्दी साहित्य
650 _aकबीर
942 _hO152,1I00:g, Q8
_cTEXL
_2cc
999 _c1013824
_d1013824